Lecons sur quelques équations fonctionnelles avec des applications a divers problèmes d'analyse et de physique mathématique

محفوظ في:
التفاصيل البيبلوغرافية
المؤلف الرئيسي: Picard, M. Emile (مؤلف)
التنسيق: كتاب
اللغة:الفرنسية
منشور في: París Gauthier-Villars 1950
الموضوعات:
الوسوم: إضافة وسم
لا توجد وسوم, كن أول من يضع وسما على هذه التسجيلة!

MARC

LEADER 00000nam a2200000 a 4500
001 UCP0239
003 CL-VaPUC
008 990305e19500000FR |||||||||||||||||fre|d
082 0 4 |a 515.7  |b PIC  |2 21 
100 0 |a Picard, M. Emile  |e author  |9 425295 
245 1 0 |a Lecons sur quelques équations fonctionnelles avec des applications a divers problèmes d'analyse et de physique mathématique 
300 |a 187 p 
942 |c BK 
945 |d 19990305 00:00:00  |a cmena 
260 |a París  |b Gauthier-Villars  |c 1950 
650 0 |a  Ecuaciones funcionales  |9 425296 
650 0 |a Funciones de varias variables  |9 326516 
650 7 |a METODOS ITERATIVOS  |2 CL-VaPUC  |9 425297 
583 |a last modification  |c 19990305 00:00:00  |k Rodrigo Vera 
999 |c 279078  |d 279076